Quizzes
Events
Quiz Creation
Community
Videos
Private Events
Remove Ads
Sign In
Join for FREE
Feedback
Dark Mode
Quiz Categories
Sports
Geography
Music
Movies
Television
Just For Fun
Miscellaneous
History
Literature
Language
Science
Gaming
Entertainment
Religion
Holiday
For Kids
Quiz Lab
Recent
Popular Today
Quiz Kudos Today
Editor Picks
Curator Picks
Quizzes by...
Day
Popularity
Type
Ratings
Length
Year
Community
Subscriptions
Recent Discussions
Orange Saloon
Badges
Playlists
Quests
Create
Leaderboards
Showdown
Live 5
Trivia Bingo
Activity
Puzzle Library
Sporcle Events
Private Events
Virtual Trivia
Globe League
Become a Host
Pub Owners
SporcleCon
Opinionation
Our Games
Videos
Blog
Mobile Apps
Partnerships
Remove Ads and Go Orange
Feedback
Music
Pop Music
The Beatles
Song
Album
Lyrics
Bands
Singers
Artist
Clip
Rock
Rap
Classical
Billboard
Country Music
Kpop
Taylor Swift
Music
Pop Music
The Beatles
Song
Album
Lyrics
Bands
Singers
Artist
Clip
Rock
Rap
Classical
Billboard
Country Music
Kpop
Taylor Swift
Random Quiz
Search Sporcle
×
Quiz Lab
Quiz Lab
Music
Song
Type in answers that appear in a list
Type in answers that appear in a list
Classic
Best Score? Go Orange.
Peach Plum Pear Lyrics Stats
Can you name the Peach Plum Pear Lyrics?
By
weedo
7m
164 Questions
18 Plays
18 Plays
18 Plays
Comments
Comments
Give Quiz Kudos
Give Quiz Kudos
-
- Ratings
hide this ad
More Info
Wrong Answers
Some wrong answers will appear in red
Some wrong answers will appear in red
Replay
Link that replays current quiz
Next Quiz
Link to next quiz in quiz playlist
You Got
0%
They Got
Avg Score
79%
Avg Friend Score
Upgrade to see
Score Distribution
Jump to the score distribution portion of the page
Score
0/164
Timer
07:00
0
Plays Today
% Correct
???
94.4%
???
94.4%
???
94.4%
???
94.4%
???
94.4%
???
94.4%
???
94.4%
???
94.4%
???
94.4%
???
94.4%
???
94.4%
???
94.4%
???
94.4%
???
94.4%
???
94.4%
???
94.4%
???
94.4%
???
94.4%
???
94.4%
???
94.4%
???
94.4%
???
94.4%
???
88.9%
???
88.9%
???
88.9%
???
88.9%
???
88.9%
???
88.9%
???
88.9%
???
88.9%
???
88.9%
???
88.9%
???
88.9%
???
88.9%
???
88.9%
???
88.9%
???
88.9%
???
88.9%
???
88.9%
???
88.9%
???
88.9%
???
88.9%
???
88.9%
???
88.9%
???
88.9%
???
88.9%
???
88.9%
???
88.9%
???
88.9%
???
88.9%
???
88.9%
???
88.9%
???
88.9%
???
88.9%
???
88.9%
% Correct
???
88.9%
???
88.9%
???
88.9%
???
88.9%
???
88.9%
???
88.9%
???
88.9%
???
88.9%
???
88.9%
???
88.9%
???
88.9%
???
88.9%
???
83.3%
???
83.3%
???
83.3%
???
83.3%
???
83.3%
???
83.3%
???
83.3%
???
83.3%
???
83.3%
???
83.3%
???
83.3%
???
83.3%
???
83.3%
???
83.3%
???
83.3%
???
83.3%
???
83.3%
???
83.3%
???
83.3%
???
83.3%
???
83.3%
???
83.3%
???
77.8%
???
77.8%
???
77.8%
???
77.8%
???
77.8%
???
77.8%
???
77.8%
???
77.8%
???
77.8%
???
77.8%
???
77.8%
???
77.8%
???
77.8%
???
77.8%
???
77.8%
???
72.2%
???
72.2%
???
72.2%
???
72.2%
???
72.2%
???
72.2%
% Correct
???
72.2%
???
72.2%
???
72.2%
???
72.2%
???
72.2%
???
72.2%
???
72.2%
???
72.2%
???
72.2%
???
72.2%
???
72.2%
???
72.2%
???
72.2%
???
72.2%
???
72.2%
???
66.7%
???
66.7%
???
66.7%
???
66.7%
???
66.7%
???
66.7%
???
66.7%
???
66.7%
???
66.7%
???
66.7%
???
66.7%
???
66.7%
???
66.7%
???
66.7%
???
66.7%
???
66.7%
???
66.7%
???
66.7%
???
66.7%
???
66.7%
???
66.7%
???
61.1%
???
61.1%
???
61.1%
???
61.1%
???
61.1%
???
61.1%
???
61.1%
???
61.1%
???
61.1%
???
61.1%
???
61.1%
???
61.1%
???
61.1%
???
55.6%
???
55.6%
???
50%
???
50%
???
50%
Quiz Playlist
Details
Report
Send in Message
Add To Playlist
More Info:
Does NOT include: "So na-na na-na na na" I think I know why it's called 'Peach Plum Pear', by the way.
Classic:
Type in answers that appear in a list
Wrong Answers:
Some wrong answers will appear in red
Last Updated: Feb 16, 2017
Quiz Scoreboard
CHALLENGE
Sign Up to Join the Scoreboard
Show All
Scores
Hide
Comments
May contain spoilers
Recently Published
Decade Duel: World Leaders
by jenniferyan
History
4m
Alphabetical 'K' Countries by Flag Minefield
by ylime102
Geography
3m
Pick 6: Fruits
by JohnFran
Miscellaneous
15s
More to Explore
Quiz From the Vault
Featured Blog Post
15 Basketball Trivia Facts You Can Be March Mad About
hide this ad
You Might Also Like...
Tags
Lyrics Quiz
Song Quiz
Eyed
milk
pear
plum
Today's Top Quizzes in Music
Browse Music
hide this ad
Today's Top Quizzes in Song
Browse Song
Top Contributed Quizzes in Music
1
Taylor Swift All Songs (2024)
2
Taylor Swift Logic Puzzle
3
KPOP LOGIC QUIZ
4
Guess the Taylor Swift song (Mystery Song)
5
A Taylor Swift Logic Puzzle
6
Guess The Taylor Swift Lyrics Song #1
7
kpop group name match up
8
K-Pop : 100 Debut Songs (Part 1 of 3)
9
2 word kpop group match
10
Madness Songs By Image
Explore More
Trending Topics
Disney
Anime
NBA
Harry Potter
Marvel
Kpop
Crossword
The Office
Soccer
Puzzle
WWE
Song
Country
Pokémon
NFL
hide this ad
More By:
weedo
Quiz
Plays
Rating
Category
Featured
Created
Peach Plum Pear Lyrics
18
Music
Apr 23, 2013
Go to Creator's Profile
Score Distribution
Quiz Creator Spotlight
weedo
Follow
Send a Message
Quizzes Created
-
Created Quiz Play Count
-
More By This Creator
Popular Quizzes Today
1
Countries of Asia Without Outlines Minefield
2
Find the US States - No Outlines Minefield
3
Pick 6: Fruits
4
Alphabetical 'K' Countries by Flag Minefield
5
The Countries of the World
6
Find the Countries of Europe - No Outlines Minefield
7
Find the US States
8
US States
More Music Quizzes
Playboi Carti Discography
Quiz Lab
Trending Quizzes
Pick 6: Mountains
Pick 6: Harry Potter
Pick 6: Flags
Pick 6: NFL Teams
Pick 6: Movie Franchises
Recently Updated
Adaptations: Name the Title
pecheneg
NWSL Teams
pecheneg
Women's Final Four Teams by Year
bhenderson79
Presidents Quartet II
eogle
Anything But Clue(do)
eogle
Anything But Oceanian Capitals
eogle
Anything But 7
eogle
Anything But Thing
eogle
Word Ladder: February 29
pecheneg
Song Title Questions
pecheneg
Trending Topics
NBA
Harry Potter
Anime
Marvel
Kpop
Disney
Crossword
NFL
WWE
Song
Pokémon
The Office
Soccer
Puzzle
Country
Your Account Isn't Verified!
In order to create a playlist on Sporcle, you need to verify the email address you used during registration. Go to your
Sporcle Settings
to finish the process.
Report this User
Report this user for behavior that violates our
Community Guidelines
.
Details:
Send Report
Go to the Sporcle.com Mobile Site →
Comments